| 000 | 01031nam a2200277 i 4500 | ||
|---|---|---|---|
| 001 | 8790 | ||
| 003 | ES-MaACL | ||
| 005 | 20240125164723.0 | ||
| 007 | t| | ||
| 008 | 920930s1992 sp ||||1| spa d | ||
| 020 | _a84-7658-341-9 | ||
| 080 | _a1 Kant, Immanuel | ||
| 100 | 1 |
_aAllison, Henry E. _920044 |
|
| 245 | 1 | 3 |
_aEl Idealismo trascendental de Kant _b: una interpretación y defensa / _cHenry E. Allison ; prólogo y traducción de Dulce María Granja Castro. |
| 250 | _a[1ª ed.]. | ||
| 260 |
_aBarcelona : _bAnthropos ; _aMéxico : _bUniversidad Autónoma Metropolitana, _c1992. |
||
| 300 |
_a525 p. ; _c20 cm. |
||
| 490 | 1 |
_aAutores, textos y temas. Filosofía ; _v40 |
|
| 504 | _aBibliogr.: p. 501-512. | ||
| 600 | 1 | 4 |
_aKant, Immanuel, _d1724-1804- _xCrítica e interpretación _967497 |
| 650 | 1 | 4 |
_aIdealismo. _913524 |
| 700 | 1 |
_aGranja Castro, Dulce María. _959644 |
|
| 830 | 0 |
_aAutores, textos y temas. Filosofía ; _v40 _9177263 |
|
| 852 |
_aES-MaACL _jL-16208 _bR.120432 |
||
| 999 |
_c8790 _d8790 |
||